00565 2200205 4500001002100000005001700021008004100038020001800079035002500097084001700122090001500139100002800154245004500182260004200227300003000269650001800299850001200317999001500329999001500344YOGYA-0209000007062820150929112946.0 ind  a979-22-0173-4 a0010-020900000070628 aK 823bHel R a823bHel R aHELLYER-Jones, Rosemary aRoller Coasterc/ Rosemary Hellyer-Jones aJakartabGramedia Pustaka Utamac2003 a49 hlm. :bilus. ;c18 cm aFiksi Inggris aYOPDYOG a07B0029706 a07B0029709